| 000 | 00779nam a2200241 a 4500 | ||
|---|---|---|---|
| 001 | 000009301 | ||
| 003 | DO-SdBNP | ||
| 005 | 20240508200520.0 | ||
| 007 | ta | ||
| 008 | 090929s1958 dr 000 0 spa d | ||
| 040 |
_aDO-SdBNP _bspa _cDO-SdBNP |
||
| 049 | _aBNPD | ||
| 082 | 4 |
_a341 _bS211i _222 |
|
| 100 | 1 |
_aSánchez Sánchez, Carlos _924029 |
|
| 245 | 1 | 0 |
_aInstituciones de derecho internacional americano / _cCarlos Sánchez Sánchez. |
| 260 |
_aCiudad Trujillo, República Dominicana : _bDominicana, _c1958. |
||
| 300 |
_a95 p. : ; _c25 cm. |
||
| 500 | _aIncluye notas al pie de las páginas | ||
| 500 | _aIncluye datos biográficos del autor | ||
| 504 | _aIncluye referencias bibliográficas (91-92 p.) | ||
| 650 | 0 |
_aDerecho internacional _93258 |
|
| 942 |
_2ddc _cLBS1 |
||
| 999 |
_c9062 _d9062 |
||